000
00254nam a2200097Ia 4500
001
1046386
005
20250826232216.0
008
250824s9999 xx 000 0 und d
245
0
_a
TÜRKİYEDE BEŞ SENE
_c
LIMAN VON SANDERS
260
_b
YEDİTEPE YAYINLARI
999
_c
1046386
_d
1046386